| 000 | 00690 a2200253 4500 | ||
|---|---|---|---|
| 260 | _aParis | ||
| 630 | _a65 - Gestion et organisation de lindustrie, du commerce, de la communication et des transports | ||
| 037 | _b1, MES | ||
| 650 | _a6 - SCIENCES APPLIQUEES | ||
| 100 | _aDubois, Pierre-Louis | ||
| 700 | _aJolibert, Alain | ||
| 260 | _bEconomica | ||
| 245 | _aLe Marketing Fondements et Pratique | ||
| 300 | _a714p | ||
| 650 | _aMarketing | ||
| 260 | _c3ème éd | ||
| 300 | _b24 cm | ||
| 100 | _lFr | ||
| 440 | _aCollection Gestion. Série : Politique générale, Finance et Marketing | ||
| 037 | _aDE 8731 | ||
| 020 | _a2-7178-3657-8 | ||
| 999 |
_c43661 _d43661 |
||